| 000 | 00378nam a22001217a 4500 | ||
|---|---|---|---|
| 082 |
_a343.09549 _bPAK |
||
| 245 |
_aPakistan criminal law journal 2022 / _cEdited by Muhammad Wahaj Azhar and et all |
||
| 260 |
_aLahore : _bPakistan Law House, _c2022. |
||
| 300 |
_a3 v. _c24 cm. |
||
| 563 | _aHardcover. | ||
| 650 |
_aLaw, Pakistan criminal law journal _9126993 |
||
| 942 |
_2ddc _cREF |
||
| 999 |
_c612354 _d612354 |
||